Normal view
MARC view
- Elboujdaini, Mimoun
Entry Personal Name
001 - CONTROL NUMBER
- control field: 82972
003 - CONTROL NUMBER IDENTIFIER
- control field: NUST
005 - DATE AND TIME OF LATEST TRANSACTION
- control field: 20211006152743.0
008 - FIXED-LENGTH DATA ELEMENTS
- fixed length control field: 211006|| aca||aabn | a|a d
040 ## - CATALOGING SOURCE
- Original cataloging agency: NUST
- Transcribing agency: NUST
100 ## - HEADING--PERSONAL NAME
- Personal name: Elboujdaini, Mimoun
670 ## - SOURCE DATA FOUND
- Source citation: Work cat.: (NUST)32260: Damage and Fracture Mechanics, 2009.
